00746nam a2200217Ia 4500999001500000020001800015082001900033100001500052245004900067260004800116300001400164440004400178504003600222650002800258650002700286650003200313650003100345700002000376942000700396952012500403 c4395d4395 a0-521-60051-0 a345.0235 MAY-C aMay, Larry 0aCrimes against humanity: a normative account aCambridgebCambridge University Pressc2005 axiii, 310 aCambridge Studies in Philosophy and Law aincludes bibliography and index aCrimes against humanity aInternational offenses aCriminal law, International aInternational criminal law aPostema, Gerald cBK 00104070aNASSDOCbNASSDOCd2005-11-14eTBSi2005-09-27l0o345.0235 MAY-Cp41076r2019-04-18 00:00:00w2019-04-18yBK